000 00288nam a22001337a 4500
008 170905b xxu||||| |||| 00| 0 eng d
020 _a0133308294
041 _aeng
080 _a070
100 _a40
101 _aMED
245 _aFROM NEWS TO NEWSPRINT
_cBOHLE,R.H
942 _2udc
_cBK
999 _c26185
_d26185